| 000 | 01213cam a2200325 4500 | ||
|---|---|---|---|
| 999 |
_c22778 _d22778 |
||
| 001 | 3111227 | ||
| 003 | BDDh-ASL | ||
| 005 | 20231015030146.0 | ||
| 008 | 700821s1958 nyub b 001 0 eng | ||
| 010 | _a 58004146 | ||
| 040 |
_aDLC _cDLC _dDLC _dBDDh-ASL |
||
| 041 | 1 |
_aeng _hund |
|
| 043 |
_aa-ii--- _aa-pk--- |
||
| 050 | 0 | 0 |
_aDS423 _b.D33 |
| 082 | 0 | 0 |
_a954 _bSOU |
| 100 | 1 |
_aDe Bary, Wm. Theodore, _d1919-2017, _eed. |
|
| 245 | 1 | 0 |
_aSources of Indian tradition, Vol-1, Introduction to Oriental Civilizations/ _cCompiled by Wm. Theodore De Bary [and others] |
| 260 |
_aNew York, _bColumbia University Press, _c1958. _c1964. |
||
| 300 |
_axxiv, 535 p. : _bmaps. _c22 cm. |
||
| 490 | 1 |
_aRecords of civilization: sources and studies, _v56. _aIntroduction to Oriental civilizations |
|
| 500 | _aTranslations from various sources and by various individuals. | ||
| 504 | _aBibliography: p. [937]-946. | ||
| 651 | 0 |
_aIndia _xReligion. |
|
| 651 | 0 |
_aIndia _xCivilization. |
|
| 651 | 0 |
_aPakistan _xCivilization. |
|
| 830 | 0 |
_aRecords of civilization, sources and studies, _v56. |
|
| 830 | 0 | _aIntroduction to Oriental civilizations. | |
| 906 |
_a7 _bcbc _corignew _du _encip _f19 _gy-gencatlg |
||
| 942 |
_2ddc _cBK |
||